书目信息 |
| 题名: |
毛泽东思想与中国文化传统
|
|
| 作者: | 王澍白 著 | |
| 分册: | ||
| 出版信息: | 厦门 厦门大学出版社 1987.12 |
|
| 页数: | 139页 | |
| 开本: | 32开 | |
| 丛书名: | ||
| 单 册: | ||
| 中图分类: | A841.67 | |
| 科图分类: | ||
| 主题词: | 毛泽东著作--学习 , 毛泽东著作研究 | |
| 电子资源: | ||
| ISBN: | 7-5615-0037-8 | |
| 000 | 00617nam0 2200205 45 | |
| 001 | 0104271080 | |
| 005 | 20010427100850.3 | |
| 010 | @a7-5615-0037-8@d2.50元 | |
| 100 | @a20010427d1987 km y0chiy0120 ea | |
| 101 | 0 | @achi |
| 105 | @a z 000yy | |
| 200 | 1 | @a毛泽东思想与中国文化传统@AMao Ze Dong Si Xiang Yu Zhong Guo Wen Hua Chuan Tong@f王澍白著@FWang Shu Bai Zhu |
| 210 | @a厦门@c厦门大学出版社@d1987.12 | |
| 215 | @a139页@d32开 | |
| 606 | 0 | @a毛泽东著作@x学习 |
| 606 | 0 | @a毛泽东著作研究 |
| 690 | @aA841.67@v3 | |
| 701 | 0 | @a王澍白@4著 |
| 801 | @aCN@bPftUser@c20010427 | |
| 905 | @f5@b340286-290@dA841.67@eW045 | |
| 毛泽东思想与中国文化传统/王澍白著.-厦门:厦门大学出版社,1987.12 |
| 139页;32开 |
| ISBN 7-5615-0037-8:2.50元 |
| ● |
| 相关链接 |
|
|
|
正题名:毛泽东思想与中国文化传统
索取号:A841.67/W045
 
预约/预借
| 序号 | 登录号 | 条形码 | 馆藏地/架位号 | 状态 | 备注 |
| 1 | 340286 | 203402861 | 社科库509/509社科库 5排2列2层/ [索取号:A841.67/W045] | 在馆 | |
| 2 | 340287 | 203402870 | 社科库509/509社科库 5排2列2层/ [索取号:A841.67/W045] | 在馆 | |
| 3 | 340288 | 203402889 | 社科库509/509社科库 5排2列2层/ [索取号:A841.67/W045] | 在馆 | |
| 4 | 340289 | 203402898 | 社科库509/509社科库 5排2列2层/ [索取号:A841.67/W045] | 在馆 | |
| 5 | 340290 | 203402905 | 社科库509/509社科库 5排2列2层/ [索取号:A841.67/W045] | 在馆 |